000 00518nam a2200193Ia 4500
008 151119s9999||||xx |||||||||||||| ||und||
082 _a891.463
082 _bGKKV20399
100 _aसाळगावकर शशिकला
245 _aकाटशह
260 _a--
260 _b--
260 _c1982
600 _aसाळगावकर शशिकला
630 _aकाटशह
700 _aसाळगावकर शशिकला
730 _aकाटशह
942 _cBOOK
999 _c1073276
_d1073273